[Event "Titled Tuesday intern op 24th Sep Early"]
[Site "Chess.com INT"]
[Date "2024.09.24"]
[Round "1"]
[White "Mikhailovsky, Vladimir"]
[Black "Ozen, Batuhan"]
[Result "1-0"]
[WhiteElo "2215"]
[BlackElo "2128"]
[PlyCount "41"]
[EventDate "2024.09.24"]
[EventType "swiss (blitz)"]
[EventRounds "11"]
[EventCountry "USA"]
[SourceTitle "EXT 2025"]
[Source "ChessBase"]
[SourceDate "2024.10.14"]
[SourceVersion "1"]
[SourceVersionDate "2024.10.14"]
[SourceQuality "1"]

1. e4 c5 2. c3 g6 3. Nf3 Bg7 4. d4 cxd4 5. cxd4 Nf6 6. e5 Nd5 7. Bc4 Nb6 8. Bb3 0-0 9. 0-0 d6 10. h3 Nc6 11. Qe2 dxe5 12. dxe5 Nd4 13. Nxd4 Qxd4 14. Re1 Bf5 15. Nc3 Rad8 16. Bg5 Rfe8 17. e6 f6 18. Be3 Qb4 19. Rad1 g5 20. Qb5 Qh4 21. Qxf5 1-0

[Event "Titled Tuesday intern op 24th Sep Early"]
[Site "Chess.com INT"]
[Date "2024.09.24"]
[Round "9"]
[White "Mikhailovsky, Vladimir"]
[Black "Rietze, Clemens"]
[Result "1-0"]
[WhiteElo "2215"]
[BlackElo "2372"]
[PlyCount "105"]
[EventDate "2024.09.24"]
[EventType "swiss (blitz)"]
[EventRounds "11"]
[EventCountry "USA"]
[SourceTitle "EXT 2025"]
[Source "ChessBase"]
[SourceDate "2024.10.14"]
[SourceVersion "1"]
[SourceVersionDate "2024.10.14"]
[SourceQuality "1"]

1. e4 c6 2. d4 d5 3. e5 Bf5 4. h4 a6 5. g4 Bd7 6. f4 h5 7. g5 c5 8. dxc5 e6 9. Be3 Qc7 10. b4 a5 11. c3 Ne7 12. a3 Nf5 13. Bf2 axb4 14. cxb4 d4 15. Bd3 Bc6 16. Rh3 Ne3 17. Bxe3 dxe3 18. Rxe3 b6 19. Nd2 bxc5 20. b5 Bd5 21. Nc4 Nd7 22. Nf3 Nb6 23. Nfd2 Na4 24. Qc2 Be7 25. Ne4 g6 26. Ned6+ Kf8 27. Be4 Kg7 28. Rd1 Bxd6 29. Nxd6 Nb6 30. Rc3 c4 31. Bxd5 exd5 32. f5 Rhe8 33. Nxe8+ Rxe8 34. Re3 Rxe5 35. f6+ Kh7 36. Qe2 Nd7 37. Rxe5 Nxe5 38. Rxd5 Nd3+ 39. Kd1 Nf4 40. Qe5 Nxd5 41. Qxd5 Kg8 42. Kc2 Qh2+ 43. Kc3 Qa2 44. Qxc4 Qxa3+ 45. Kd4 Qd6+ 46. Qd5 Qb4+ 47. Ke5 Qb2+ 48. Kd6 Qa3+ 49. Kd7 Qa5 50. Ke8 Qc7 51. b6 Qxb6 52. Qxf7+ Kh8 53. Qg7# 1-0

[Event "Titled Tuesday intern op 17th Sep Early"]
[Site "Chess,com INT"]
[Date "2024.09.17"]
[Round "7"]
[White "Kononenko, Dmitry1"]
[Black "Mikhailovsky, Vladimir"]
[Result "1-0"]
[WhiteElo "2220"]
[BlackElo "2215"]
[PlyCount "63"]
[EventDate "2024.09.17"]
[EventType "swiss (blitz)"]
[EventRounds "11"]
[EventCountry "USA"]
[SourceTitle "EXT 2025"]
[Source "ChessBase"]
[SourceDate "2024.10.14"]
[SourceVersion "1"]
[SourceVersionDate "2024.10.14"]
[SourceQuality "1"]

1. d4 d6 2. c4 Nf6 3. Nc3 e5 4. dxe5 dxe5 5. Qxd8+ Kxd8 6. g3 Be6 7. b3 c6 8. Bh3 Bxh3 9. Nxh3 h6 10. f4 exf4 11. Nxf4 Bd6 12. Bb2 Kc7 13. 0-0-0 Re8 14. Nd3 Nbd7 15. Rhf1 Re7 16. b4 b6 17. b5 Rae8 18. Kb1 Ne5 19. bxc6 Kxc6 20. Nd5 Nxd5 21. cxd5+ Kb5 22. Nxe5 Bxe5 23. Bxe5 Rxe5 24. Rxf7 Rxe2 25. d6 Rxh2 26. Rxa7 Rd8 27. Rxg7 Ra8 28. d7 Rd8 29. Rg6 Ka5 30. Re6 Rf8 31. d8Q Rxd8 32. Rxd8 1-0